Quiz Harry Potter à l'école des sorciers - Statistiques

Statistiques générales
  • Ce quiz a été pris 308 fois
  • Le résultat moyen est 7 sur 10
Statistiques - réponses
Questions Réponses % Correct
Quelle est la maison à Poudlard à laquelle Harry est assigné ? Gryffondor
93%
Quel est le nom de l'animal de compagnie de Harry ? Hedwige
83%
Quel est le nom du château où se déroule la plupart de l'action ? Poudlard
82%
Qui est le directeur de Poudlard lorsque Harry commence ses études là-bas ? Albus Dumbledore
80%
Quel est le nom du professeur de potions de Harry ? Severus Rogue
80%
Quel est le sport principal pratiqué à Poudlard et dans lequel Harry excelle ? Le Quidditch
79%
Quel est le nom complet du personnage principal, souvent abrégé en "Harry Potter" ? Harry James Potter
77%
Quel est le nom du gardien des clés et des lieux de Poudlard ? Rubeus Hagrid
61%
Qui est le fondateur de la maison à laquelle appartient Harry ? Godric Gryffondor
58%
Qui est l'antagoniste principal du premier livre ? Lord Voldemort
25%
Aucun quiz correspondant
Distribution des résultats
% des personnes avec chaque résultat
Percentile par nombre de réponses
Votre historique - résultats
Vous n’avez pas pris ce quiz